| 000 | 00484nam a2200133Ia 4500 | ||
|---|---|---|---|
| 008 | 160809s9999 xx 000 0 und d | ||
| 100 | _aSim, Peng. | ||
| 245 | _aIEP DOCUMENTATION FOR EFFECTIVE SYSTEMATIC FACILITATION | ||
| 245 | _cPeng-Sim Eng Kianh Foundation, Vietnam. | ||
| 260 | _bInternational Journal of Special Education | ||
| 260 | _c2015 | ||
| 650 | _xSPECIAL EDUCATION | ||
| 856 | _uhttp://www.internationaljournalofspecialed.com/issues/IJSE%20ENTIRE%20ISSUE%2030%201.pdf | ||
| 999 |
_c300266 _d300266 |
||